00566nam a2200145 a 4500001000400000003000500004005001700009008004100026020001500067040002600082245018300108260004000291490005000331700003900381764CDMR20130319193834.0130130s1996||||||||||||||||||||||||||||d a8489727015 aCDMRbcatcCPC LLEIDA00aDinàmica de l'atur a Lleidab: anàlisi sectorial i territorialcDepartament d'Economia Aplicada ; Joan Pere Enciso Rodríguez, editor ; Rafael Allepuz Capdevila ... [et al.] aLleidac1996bUniversitat de Lleida0 aEconomia i empresa / Universitat de Lleidav41 aEnciso Rodríguez, Joan Pereeed.